| 000 | 00605cam a22002411 4500 | ||
|---|---|---|---|
| 001 | sa 68002189 | ||
| 003 | DLC | ||
| 005 | 20260227112440.0 | ||
| 008 | 941108s1965 ii b 000 0 beno | ||
| 010 | _asa 68002189 | ||
| 025 | _aPL480:EP-B-1264 | ||
| 035 | _a(OCoLC)31426551 | ||
| 040 |
_aDLC _cCU _dCU _dDLC |
||
| 042 | _apremarc | ||
| 050 | 0 | 0 |
_aB753.G34 _bR3 |
| 100 | 1 |
_aRasul, Muhammad Gholam, _d1921- |
|
| 245 | 1 | 0 | _aImāma Gāyyālī. |
| 260 | _c[1965] | ||
| 300 |
_a101, [1] p. _c19 cm. |
||
| 500 | _aIn Bengali. | ||
| 504 | _aBibliography: p. [102] | ||
| 600 | 0 | 0 |
_aGhazzālī, _d1058-1111. |
| 999 |
_c78511 _d78511 |
||